000
00297nam a22001337a 4500
008
181031b xxu||||| |||| 00| 0 eng d
020
_a
0070587019
041
_a
eng
080
_a
621
100
_a
27
101
_a
ENG
245
_a
Chemical Engineering Series
_c
Smith.J.M
942
_2
udc
_c
BK
999
_c
51266
_d
51266